000 00704nam a22002172 4500
001 0000019061
005 20151217161147.0
008 100907s xx 000 0 eng d
020 _a0830824540 :
040 _aKABU
_cKABU
245 1 0 _aGlobal dictionary of theology /
_cedited by William A. Dyrness and Veli-Matti Karkkainen.
250 _a1st ed.
260 _aDowners Grove, IL. :
_bInterVarsity,
_c2008.
300 _axxviii, 996 p.
650 0 _aTheology
_vDictionaries.
_@0000148793
700 1 _aDyrness, William A.
_@0000178650
700 1 _aKarkkainen, Veli-Matti.
_@0000178651
852 1 _9p1000 KES
908 _a100907
950 _@1
999 _c15181
_d15181